| 000 | 00413nam a2200181Ia 4500 | ||
|---|---|---|---|
| 001 | 15047 | ||
| 005 | 20260306164959.0 | ||
| 008 | 260306t2015||||xx |||||||||||||| ||spa|| | ||
| 041 | _aESP | ||
| 082 |
_a526.9 _bP77 |
||
| 100 |
_aPons Valls, Josep María _eAUT |
||
| 245 | 0 | _aManual de topografía práctica | |
| 260 | _c2015 | ||
| 300 |
_a _c |
||
| 650 | _aGEN | ||
| 654 | _aCIC | ||
| 942 |
_cLIB _dJUS _fJUS _2ddc _n |
||
| 999 |
_c15047 _d15047 |
||